000 00529cam a2200169 a 4500
020 _a9058230651
040 _cUKM
082 0 4 _a307 HAR 2000 A011 Or.
100 1 _aCzarniawska-Joerges, Barbara.
245 1 2 _aA city reframed :
_bmanaging Warsaw in the 1990s /
260 _aAmsterdam, The Netherlands :
_bHarwood Academic,
_c2000.
300 _a[11], 156 p. :
_bill. ;
_c24 cm.
650 0 _aCity planning
650 0 _aUrban renewal
856 4 2 _uhttp://www.loc.gov/catdir/enhancements/fy0653/2002421090-d.html
942 _cEK
999 _c13472
_d13472